Love You Goodbye - One Direction (All Lyrics) - Statistics

General Stats
  • This quiz has been taken 123 times
  • The average score is 269 of 303
Answer Stats
Lyrics % Correct
go
100%
you
100%
good
98%
love
98%
me
98%
oh,
98%
to
98%
a
97%
baby,
97%
goodbye
97%
I
97%
if
97%
on,
97%
the
97%
an
95%
be
95%
it
95%
let
95%
my
95%
that
95%
we
95%
it's
94%
one
94%
time?
94%
time
94%
why
94%
come
92%
end
92%
give
92%
last
92%
mine
92%
of
92%
out
92%
won't
92%
even
90%
is
90%
life?
90%
life
90%
your
90%
can
89%
could
89%
do
89%
walk
89%
comes
87%
everything
87%
know
87%
over
87%
should
87%
this
87%
tomorrow
87%
wearing
87%
night,
86%
stay
86%
friends,
84%
knife
84%
tonight
84%
twist
84%
after
83%
hey,
83%
hey
83%
still
83%
though
83%
you're
83%
and
81%
heart's
81%
in
81%
then
81%
back
79%
but
79%
just
79%
that's
79%
already
78%
apologize
78%
bring
78%
didn't
78%
don't
78%
had
78%
impossible
78%
we've
78%
yeah
78%
at
76%
breaking,
76%
hurt
76%
little
76%
mercy
76%
there
76%
way
76%
been
75%
lips
75%
more
75%
places
75%
right
75%
show
75%
because
73%
look
73%
nights
73%
something
73%
wanna
73%
change
71%
least
71%
taste
71%
there's
71%
maybe
70%
nothing
70%
inevitable
65%
only
65%
hands
63%
understand,
63%
saying
62%
negotiated?
57%
our
57%
world
57%
well,
54%
whole
54%
unforgettable
48%
held
44%
unexplainable
44%
together
41%
No matching quizzes found
Score Distribution
Percent of People with Each Score
Percentile by Number Answered
Your Score History
You have not taken this quiz